Économie politique : (Registro nro. 5333)

Detalles MARC
000 -LEADER
fixed length control field 00828nam a2200241Ia 4500
003 - CONTROL NUMBER IDENTIFIER
control field OSt
005 - DATE AND TIME OF LATEST TRANSACTION
control field 20200611113915.0
008 - FIXED-LENGTH DATA ELEMENTS--GENERAL INFORMATION
fixed length control field 191128t1981 fr fr 000 0 fre d
020 ## - INTERNATIONAL STANDARD BOOK NUMBER
International Standard Book Number 2247002188
040 ## - CATALOGING SOURCE
Original cataloging agency CO-JMCR
Transcribing agency CO-JMCR
041 0# - LANGUAGE CODE
Language code of text/sound track or separate title fre
082 04 - DEWEY DECIMAL CLASSIFICATION NUMBER
Classification number 330.01 /
Item number P132e
Edition number 23
100 1# - MAIN ENTRY--PERSONAL NAME
Personal name Page, André,
Relator term autor
9 (RLIN) 5140
245 10 - TITLE STATEMENT
Title Économie politique :
Remainder of title objet et méthodes de la science économique facteurs et cadres de l'activité economique prix et production /
Statement of responsibility, etc. André Page
260 ## - PUBLICATION, DISTRIBUTION, ETC.
Place of publication, distribution, etc. Paris :
Name of publisher, distributor, etc. Jurisprudence Générale Dalloz,
Date of publication, distribution, etc. ©1981
300 ## - PHYSICAL DESCRIPTION
Extent 186 páginas ;
Dimensions 24 cm.
490 0# - SERIES STATEMENT
Series statement Mémentos Dalloz
505 0# - FORMATTED CONTENTS NOTE
Formatted contents note Centre d'intéret de l'analyse économique
650 14 - SUBJECT ADDED ENTRY--TOPICAL TERM
Topical term or geographic name entry element Teoría económica
9 (RLIN) 5141
650 14 - SUBJECT ADDED ENTRY--TOPICAL TERM
Topical term or geographic name entry element Economía política
9 (RLIN) 5142
650 14 - SUBJECT ADDED ENTRY--TOPICAL TERM
Topical term or geographic name entry element Historia económica
9 (RLIN) 5143
942 ## - ADDED ENTRY ELEMENTS (KOHA)
Source of classification or shelving scheme Dewey Decimal Classification
Koha item type Books
Existencias
Withdrawn status Lost status Source of classification or shelving scheme Damaged status Not for loan Collection code Home library Current library Date acquired Source of acquisition Cost, normal purchase price Total Checkouts Full call number Barcode Date last seen Copy number Koha item type
    Dewey Decimal Classification     Non-fiction Biblioteca Pública José María del Castillo y Rada Biblioteca Pública José María del Castillo y Rada 04/15/2018 Donación 0.00   330.01 / P132e 430001723 05/16/2024 Ej.1 Books